The wilds / Sarah Pearse.
Available copies
- 2 of 3 copies available at LARL/NWRL Consortium. (Show)
- 1 of 1 copy available at Northwest Regional Library.
Current holds
0 current holds with 3 total copies.
Show Only Available Copies
| Location | Call Number / Copy Notes | Barcode | Shelving Location | Status | Due Date |
|---|---|---|---|---|---|
| Hallock Public Library | PEA (Text) | 35500006797813 | Main | Available | - |
Record details
- ISBN: 9780593654064
- ISBN: 9780593654040
- ISBN: 0593654048
- Physical Description: 384 pages ; 24 cm
- Edition: First United States edition.
- Publisher: [New York, New York] : Pamela Dorman Books/Viking, 2024.
- Copyright: ©2024
Content descriptions
| Summary, etc.: | "Detective Elin Warner unravels the mystery behind ... Read More |
Search for related items by subject
| Subject: | Warner, Elin (Fictitious character) > Fiction. Women detectives > Fiction. Missing persons > Fiction. Twins > Fiction. National parks > Fiction. |
| Genre: | Detective and mystery fiction. Thrillers (Fiction) Detective and mystery fiction. Thrillers (Fiction) Novels. |
Search for related items by series
| LDR | 03177cam a22005538i 4500 | ||
|---|---|---|---|
| 001 | 433814 | ||
| 003 | LARL_NWRL_CONSORTIUM | ||
| 005 | 20240708215808.0 | ||
| 008 | 240311t20242024nyu 000 1 eng | ||
| 010 | . | ‡a 2024010536 | |
| 020 | . | ‡a9780593654064 | |
| 040 | . | ‡aDLC ‡beng ‡erda ‡cDLC ‡dOCLCO ‡dBDX ‡dETC ‡dOCLCO ‡dMWD ‡dOCO ‡dOCLCO ‡dGO6 | |
| 020 | . | ‡a9780593654040 ‡q(hardcover) | |
| 020 | . | ‡a0593654048 ‡q(hardcover) | |
| 020 | . | ‡z9780593654057 ‡q(ebook) | |
| 035 | . | ‡a(OCoLC)1407025343 | |
| 042 | . | ‡apcc | |
| 082 | 0 | 0. | ‡a823/.92 ‡223/eng/20240311 |
| 100 | 1 | . | ‡aPearse, Sarah, ‡eauthor. ‡1https://id.oclc.org/worldcat/entity/E39PBJyx9Qw7Wwpjx7XpmxcByd |
| 245 | 1 | 4. | ‡aThe wilds / ‡cSarah Pearse. |
| 250 | . | ‡aFirst United States edition. | |
| 264 | 1. | ‡a[New York, New York] : ‡bPamela Dorman Books/Viking, ‡c2024. | |
| 264 | 4. | ‡c©2024 | |
| 300 | . | ‡a384 pages ; ‡c24 cm | |
| 336 | . | ‡atext ‡btxt ‡2rdacontent | |
| 337 | . | ‡aunmediated ‡bn ‡2rdamedia | |
| 338 | . | ‡avolume ‡bnc ‡2rdacarrier | |
| 490 | 0 | . | ‡aDetective Elin Warner ; ‡v3 |
| 520 | . | ‡a"Detective Elin Warner unravels the mystery behind the disappearance of a young woman in a propulsive new thriller from the New York Times bestselling author of The Sanatorium Since the dark events that scarred her childhood, Kier Templer escaped her hometown to live life on the road. She and her twin have never lost contact until, on a trip to a Portuguese national park, Kier vanishes without a trace. Detective Elin Warner arrives in the same park ready to immerse herself in its vast wilderness - only to hear about Kier's disappearance, and discover a disturbing map she left behind. The few strangers at an isolated campsite close ranks against Elin's questions, and the park's wild beauty starts to turn sinister. Elin must untangle the clues to find out what really happened to Kier. But when you follow a trail, you have to be careful to watch your back... Sarah Pearse brilliantly introduced readers to Elin Warner in The Sanatorium, with her exploits continuing in The Retreat; here, the series concludes with The Wilds, where the unanswered questions plaguing Elin are finally resolved"-- ‡cProvided by publisher. | |
| 650 | 0. | ‡aWarner, Elin (Fictitious character) ‡vFiction. | |
| 650 | 0. | ‡aWomen detectives ‡vFiction. ‡0(LARL_NWRL_CONSORTIUM)167906 | |
| 650 | 0. | ‡aMissing persons ‡vFiction. ‡0(LARL_NWRL_CONSORTIUM)165976 | |
| 650 | 0. | ‡aTwins ‡vFiction. ‡0(LARL_NWRL_CONSORTIUM)167632 | |
| 650 | 0. | ‡aNational parks ‡vFiction. | |
| 655 | 0. | ‡aDetective and mystery fiction. | |
| 655 | 0. | ‡aThrillers (Fiction) | |
| 655 | 7. | ‡aDetective and mystery fiction. ‡2lcgft | |
| 655 | 7. | ‡aThrillers (Fiction) ‡2lcgft | |
| 655 | 7. | ‡aNovels. ‡2lcgft | |
| 776 | 0 | 8. | ‡iOnline version: ‡aPearse, Sarah. ‡tWilds ‡bFirst United States edition. ‡dNew York : Pamela Dorman Books/Viking, 2024. ‡z9780593654057 ‡w(DLC) 2024010537 |
| 901 | . | ‡a433814 ‡bOCoLC ‡c433814 ‡tbiblio ‡soclc | |

Add to basket
Permalink
Disable Highlighting